000 00690nam a22002297a 4500
003 OSt
005 20260310084349.0
008 260310b |||||||| |||| 00| 0 eng d
020 _a 0-07-124937-0.
040 _aDWC-Main lib
_cOC
082 _29th ed.
_aGen. 301 S294s 2005
100 _aSchaefer, Richard T.
245 _aSociology/
_cRichard T. Escaefer
250 _a9th ed.
260 _aN. Y. :
_bMcGraw-Hill,
_cc2005.
300 _axli, 630 p. :
_b ill. ;
_c26 cm.
504 _aIncludes bibliographical references and index.
650 _a1. Social problems.
650 _a2. Sociology
650 _a3. United States-Social policy.
942 _2ddc
_cGR
_e9th ed.
_kGen.
_n0
999 _c8888
_d8888